000 01733nmm a2200421 a 4500
001 ocm0002348276
003 TR-IsHL
005 20201028190009.0
008 191222s2019 tu tur
007 cr cn
020 _a9786057786197
035 _a2348276
_b(N$T)
050 0 4 _aHF5681.B5
_bM3 2019
090 0 4 _aHF5681.B5
_bM3 2019
245 1 0 _aMali tablolar analizi
_h[electronic resource] /
_ceditörler Prof. Dr. Fehmi Karasioğlu, Dr. Öğr. Üyesi Namık Kemal Erdemir ; yazarlar Doç. Dr. Nuray Demirel Arıcı, Dr. Öğr. Üyesi Alper Tunga Alkan, Dr. Öğr. Üyesi İbrahim Emre Göktürk, Dr. Öğr. Üyesi Namık Kemal Erdemir, Dr. Öğr. Üyesi Mustafa İyibildiren, Öğr. Görevlisi Tuna Han Samancı, Öğr. Görevlisi Tuna Han Samancı, Öğr. Görevlisi Kemal Nalçın, Öğr. Görevlisi Okan Garip, Öğr. Görevlisi Derya Öztemiz
250 _a1. Baskı
260 _aKonya :
_bEğitim Yayınevi,
_c2019
300 _a248 p.
500 _aKaynakça sayfa: 246-248
650 4 _aEğitim
650 4 _aEducation
650 0 _aFinansal tablolar
650 0 _aFinancial statements
650 7 _aBUSINESS & ECONOMICS / Finance / General
_2bisacsh
700 1 _aKarasioğlu, Fehmi
700 1 _aErdemir, Namık Kemal
700 1 _aArıcı, Nuray Demirel
700 1 _aAlkan, Alper Tunga
700 1 _aGöktürk, İbrahim Emre
700 1 _aErdemir, Namık Kemal
700 1 _aİyibildiren, Mustafa
700 1 _aSamancı, Tuna Han
700 1 _aSamancı, Tuna Han
700 1 _aNalçın, Kemal
700 1 _aGarip, Okan
700 1 _aÖztemiz, Derya
856 4 0 _uhttp://search.ebscohost.com/login.aspx?direct=true&scope=site&db=e011xww&AN=2348276
999 _c21719
_d21719